000 01159naa a22003377a 4500
001 BR9400736
003 BR-BrBNA
005 20240918180944.0
007 ta
008 230509b bl.||||| |||| 00| 0 por d
040 _aBR-BrBNA
_bpor
_cBiblioteca Nacional de Agricultura
041 _a(Pt)
072 _aF01; F30
_b0710
090 _aF01 BR9400736
100 1 _aCamelatto, D.
100 1 _aBassols, M. do C.
100 1 _aPetri, J.L.
111 1 _a5. Congresso Brasileiro de Fruticultura
_cPelotas, RS (Brazil)
_d7-14 Jan 1979
245 1 _aMaca "BR-1", uma cultivar com frutos amarelos e maturacao precoce
260 3 _aPelotas, RS (Brasil):
_c1979.
500 _aAnais do 5. Congresso Brasileiro de Fruticultura, v. 2 Pelotas, RS (Brasil): 1979. p. 875-882 (BR9400736-AM)F01
650 _aMaca
650 _aVariedade
650 _aMaturacao Precoce
650 _aGenetica Vegetal
650 _aPratica Cultural
650 _aSanta Catarina
773 0 _tAnais do 5. Congresso Brasileiro de Fruticultura, v. 2
_wF01 BR9400736
_gPelotas, RS (Brasil), 1979. p. 875-882
909 _a202404
_bLucia
_c55
_dLucia Elande
942 _cAM
_2AGRIS
999 _c322860
_d322860